[Event "4NCL Division 1a"]
[Site "Telford, ENG"]
[Date "2017.11.12"]
[Round "2.11"]
[White "Roberson, Peter T"]
[Black "Sadler, Matthew D"]
[Result "1/2-1/2"]
[WhiteElo "2410"]
[BlackElo "2687"]
[PlyCount "71"]
[EventDate "2017.11.12"]
[WhiteTeam "Grantham Sharks 1"]
[BlackTeam "Guildford 1"]

1. e4 c6 2. Nf3 d5 3. Nc3 Nf6 4. e5 Ne4 5. Ne2 Qb6 6. d4 e6 7. Ng3 c5 8. c3 Nc6
9. Bd3 Nxg3 10. hxg3 cxd4 11. cxd4 Bd7 12. Kf1 O-O-O 13. Rxh7 Rxh7 14. Bxh7 f6
15. Qb3 Bb4 16. Bd3 Rh8 17. Kg1 Na5 18. Qc2+ Kb8 19. exf6 gxf6 20. Bf4+ Bd6 21.
Rc1 Bxf4 22. gxf4 Nc6 23. Bf1 Nxd4 24. Nxd4 Rc8 25. Qd2 Rxc1 26. Qxc1 Qxd4 27.
g3 e5 28. fxe5 Qxe5 29. Qc5 Qxb2 30. Qxd5 Kc7 31. Qc5+ Kb8 32. Qd6+ Kc8 33.
Qf8+ Kc7 34. Qc5+ Kb8 35. Qd6+ Kc8 36. Qf8+ 1/2-1/2

[Event "4NCL Division 1a"]
[Site "Telford, ENG"]
[Date "2017.11.12"]
[Round "2.12"]
[White "Jones, Gawain C B"]
[Black "Daskalov, Dimitar"]
[Result "1-0"]
[WhiteElo "2659"]
[BlackElo "2310"]
[PlyCount "71"]
[EventDate "2017.11.12"]
[WhiteTeam "Guildford 1"]
[BlackTeam "Grantham Sharks 1"]

1. e4 e5 2. Nf3 Nf6 3. Nxe5 d6 4. Nf3 Nxe4 5. c4 Nc6 6. Nc3 Nf6 7. d4 d5 8. Bg5
dxc4 9. Bxc4 Qe7+ 10. Be2 Bg4 11. O-O O-O-O 12. d5 h6 13. Be3 Be6 14. dxc6 Rxd1
15. Rfxd1 b6 16. Bf4 Ne8 17. Ba6+ Kb8 18. Nd5 Bxd5 19. Rxd5 Nf6 20. Rad1 Nxd5
21. Rxd5 g5 22. Bg3 f5 23. Ne5 f4 24. Nd7+ Qxd7 25. cxd7 Bd6 26. Bxf4 gxf4 27.
Rh5 Rd8 28. Rxh6 Be5 29. Bb5 c6 30. Bxc6 Bxb2 31. h4 Kc7 32. h5 a6 33. Re6 b5
34. h6 Rh8 35. Re8 Bf6 36. d8=Q+ 1-0

[Event "4NCL Division 1a"]
[Site "Telford, ENG"]
[Date "2017.11.12"]
[Round "2.13"]
[White "Batchelor, Peter J"]
[Black "Edouard, Romain"]
[Result "0-1"]
[WhiteElo "2332"]
[BlackElo "2619"]
[PlyCount "74"]
[EventDate "2017.11.12"]
[WhiteTeam "Grantham Sharks 1"]
[BlackTeam "Guildford 1"]

1. d4 Nf6 2. Nf3 c5 3. c4 cxd4 4. Nxd4 Nc6 5. Nc3 e6 6. e4 Bb4 7. Nxc6 bxc6 8.
Bd3 e5 9. O-O O-O 10. Bd2 d6 11. a3 Bc5 12. b4 Bd4 13. Rb1 d5 14. Qc2 Ng4 15.
Be1 Qh4 16. h3 Nf6 17. Kh2 Qf4+ 18. Kh1 Bxc3 19. Bxc3 Nxe4 20. Bxe4 dxe4 21. b5
Bf5 22. Qb2 Rfe8 23. bxc6 Rac8 24. Rbd1 h6 25. Rd5 e3 26. Qe2 Rxc6 27. fxe3 Qe4
28. Ra5 Bxh3 29. Rxa7 Rg6 30. Rf2 Rd8 31. Kh2 Qh4 32. Kg1 Bg4 33. Qf1 Rd1 34.
Be1 Qg5 35. Ra8+ Kh7 36. Rxf7 Qxe3+ 37. Kh2 Rg5 0-1

[Event "4NCL Division 1a"]
[Site "Telford, ENG"]
[Date "2017.11.12"]
[Round "2.14"]
[White "Maze, Sebastien"]
[Black "Rendle, Thomas E"]
[Result "1-0"]
[WhiteElo "2607"]
[BlackElo "2366"]
[PlyCount "61"]
[EventDate "2017.11.12"]
[WhiteTeam "Guildford 1"]
[BlackTeam "Grantham Sharks 1"]

1. e4 e6 2. d4 d5 3. Nc3 Nc6 4. Nf3 Nf6 5. Bg5 Be7 6. Bd3 dxe4 7. Nxe4 Nxe4 8.
Bxe7 Qxe7 9. Bxe4 Qb4+ 10. Qd2 Qxd2+ 11. Kxd2 Bd7 12. c4 f5 13. Bxc6 Bxc6 14.
Ne5 Ke7 15. Kc3 Kf6 16. f3 g5 17. Rae1 Rad8 18. Re2 Bd7 19. b4 Bc8 20. h4 h6
21. g4 b6 22. hxg5+ hxg5 23. Reh2 Rxh2 24. Rxh2 Bd7 25. Rh7 Be8 26. Rxc7 fxg4
27. fxg4 a5 28. b5 a4 29. Rb7 Rd6 30. Rb8 Ke7 31. Ra8 1-0

[Event "4NCL Division 1a"]
[Site "Telford, ENG"]
[Date "2017.11.12"]
[Round "2.15"]
[White "Foisor, Mihaela-Veronica"]
[Black "Pert, Nicholas"]
[Result "0-1"]
[WhiteElo "2229"]
[BlackElo "2548"]
[PlyCount "92"]
[EventDate "2017.11.12"]
[WhiteTeam "Grantham Sharks 1"]
[BlackTeam "Guildford 1"]

1. c4 e5 2. Nc3 Nf6 3. g3 Bb4 4. Bg2 O-O 5. e4 Bxc3 6. bxc3 c6 7. d3 d5 8. cxd5
cxd5 9. exd5 Nxd5 10. Ne2 Nc6 11. O-O Bg4 12. Bb2 Qd7 13. Re1 Rad8 14. Qb3 Be6
15. Qc2 Bh3 16. Bh1 f5 17. Ba3 Rf7 18. Qb3 g5 19. d4 e4 20. c4 Na5 21. Qc2 Rc8
22. Bc5 Nf6 23. Qd2 h6 24. Qxa5 b6 25. Bxb6 axb6 26. Qxb6 f4 27. Nc3 e3 28.
fxe3 fxg3 29. hxg3 Qg4 30. Qd6 Re8 31. Nd5 Re6 32. Qb8+ Rf8 33. Nxf6+ Rexf6 34.
Bd5+ Kh7 35. Qc7+ Kg6 36. Rab1 Kh5 37. Qe5 Rf5 38. Qd6 Rf3 39. Kh2 Rf2+ 40. Kg1
R8f4 41. Qxf4 gxf4 42. Bf7+ Kg5 43. Kxf2 Qxg3+ 44. Ke2 Qxe3+ 45. Kd1 Qd3+ 46.
Kc1 Qc3+ 0-1

[Event "4NCL Division 1a"]
[Site "Telford, ENG"]
[Date "2017.11.12"]
[Round "2.16"]
[White "Le Roux, Jean-Pierre"]
[Black "Bremner, Adam"]
[Result "1-0"]
[WhiteElo "2558"]
[BlackElo "2223"]
[PlyCount "121"]
[EventDate "2017.11.12"]
[WhiteTeam "Guildford 1"]
[BlackTeam "Grantham Sharks 1"]

1. d4 Nf6 2. Nf3 d5 3. c4 dxc4 4. e3 Bg4 5. Bxc4 e6 6. Nc3 Nc6 7. h3 Bh5 8. g4
Bg6 9. Nh4 Be7 10. Nxg6 hxg6 11. Bd2 a6 12. Qf3 Na5 13. Be2 c5 14. dxc5 Bxc5
15. Rd1 Nc6 16. a3 Be7 17. g5 Nd7 18. Ne4 Qc7 19. Bc3 Rh7 20. h4 Nde5 21. Qg2
Rd8 22. f4 Rxd1+ 23. Kxd1 Nd7 24. h5 Nf8 25. hxg6 Rxh1+ 26. Qxh1 fxg6 27. Nd2
Nd8 28. Qe4 Bc5 29. Bd3 b5 30. a4 bxa4 31. Qxa4+ Kf7 32. Ke2 Qc6 33. Qe4 Qxe4
34. Nxe4 Be7 35. Bxa6 Nd7 36. Bb5 Nc5 37. Nd2 Ndb7 38. Nc4 Nd6 39. Ne5+ Kg8 40.
Bc6 Kh7 41. b4 Nce4 42. Be1 Nxg5 43. fxg5 Bxg5 44. e4 Bf6 45. Nd7 Bd4 46. Nf8+
Kh6 47. Nxe6 Be5 48. Bd2+ Kh5 49. Nf4+ Kg4 50. Nxg6 Bd4 51. Kd3 Bb6 52. Ne5+
Kh5 53. Nd7 Bd8 54. e5 Nf5 55. Bf3+ Kh4 56. Be1+ Kh3 57. Ke4 Ne7 58. Nf8 Bb6
59. Ne6 g6 60. Nf4+ Kh2 61. Nd5 1-0

[Event "4NCL Division 1a"]
[Site "Telford, ENG"]
[Date "2017.11.12"]
[Round "2.18"]
[White "Flear, Glenn C"]
[Black "Varnam, Liam D"]
[Result "1-0"]
[WhiteElo "2444"]
[BlackElo "2083"]
[PlyCount "155"]
[EventDate "2017.11.12"]
[WhiteTeam "Guildford 1"]
[BlackTeam "Grantham Sharks 1"]

1. d4 d5 2. c4 dxc4 3. e3 e6 4. Bxc4 Nf6 5. Nf3 c5 6. O-O a6 7. Bb3 b5 8. a4 b4
9. e4 cxd4 10. e5 Ne4 11. Nxd4 Nc5 12. Bc2 Bb7 13. Re1 Qd5 14. f3 Nbd7 15. b3
Nxe5 16. Bb2 Bd6 17. Qe2 Ng6 18. Nf5 Nf4 19. Qc4 Ncd3 20. Qxd5 Bxd5 21. Nxd6+
Kd7 22. Bxd3 Nxd3 23. Re3 Nxb2 24. Nxf7 Rhc8 25. Nd2 Rc3 26. Rae1 Rxe3 27. Rxe3
Rc8 28. Kf1 Rc1+ 29. Ke2 Nd1 30. Rd3 Nc3+ 31. Kf2 Rc2 32. Ke3 Ke7 33. Ne5 Nd1+
34. Kf4 Nb2 35. Rd4 Rc3 36. Rxb4 Nd3+ 37. Nxd3 Rxd3 38. Ne4 Rxb3 39. Rxb3 Bxb3
40. a5 Bc4 41. Ke5 Kd7 42. Nc5+ Kc6 43. Nxe6 Kb5 44. Nxg7 Kxa5 45. f4 Kb5 46.
f5 a5 47. Ne6 a4 48. f6 Bxe6 49. Kxe6 a3 50. f7 a2 51. f8=Q a1=Q 52. Qf5+ Kb6
53. Qf2+ Kb7 54. Qf7+ Kb6 55. Qf2+ Kb7 56. Qf3+ Kb6 57. Qe3+ Kc6 58. Qe4+ Kb6
59. h4 h5 60. Qe3+ Kc6 61. Qf3+ Kb6 62. Qxh5 Qe1+ 63. Kf7 Qf1+ 64. Qf3 Qc4+ 65.
Kg7 Qc7+ 66. Qf7 Qh2 67. Qg6+ Ka5 68. g3 Qb2+ 69. Qf6 Qb7+ 70. Kg6 Qg2 71. g4
Qa2 72. g5 Qg8+ 73. Kh6 Kb4 74. h5 Qe8 75. g6 Qe3+ 76. Kh7 Qh3 77. Qd4+ Kb3 78.
Qd5+ 1-0

[Event "4NCL Division 1a"]
[Site "Telford, ENG"]
[Date "2017.11.12"]
[Round "2.21"]
[White "Gordon, Stephen J"]
[Black "Alsina Leal, Daniel"]
[Result "1-0"]
[WhiteElo "2528"]
[BlackElo "2507"]
[PlyCount "127"]
[EventDate "2017.11.12"]
[WhiteTeam "3Cs 1"]
[BlackTeam "White Rose 1"]

1. c4 e5 2. Nc3 Nf6 3. Nf3 Nc6 4. g3 d5 5. cxd5 Nxd5 6. Bg2 Nb6 7. O-O Be7 8.
a3 O-O 9. b4 Be6 10. Rb1 f6 11. b5 Nd4 12. e3 Nxf3+ 13. Bxf3 Nd5 14. Bb2 a6 15.
a4 axb5 16. axb5 Nxc3 17. Bxc3 Bd5 18. Bxd5+ Qxd5 19. Qb3 Rfd8 20. d4 Qxb3 21.
Rxb3 exd4 22. Bxd4 Rd5 23. Kg2 Ra5 24. Rfb1 Kf7 25. g4 Ke6 26. h3 Bc5 27. Rc1
Bd6 28. Rcb1 b6 29. R1b2 Bc5 30. Bxc5 Rxc5 31. Rb4 Kd6 32. Rd4+ Rd5 33. Rxd5+
Kxd5 34. Rd2+ Ke6 35. Rc2 Kd7 36. Rd2+ Kc8 37. Rb2 Ra4 38. f4 Rc4 39. Kf3 g5
40. h4 gxf4 41. exf4 h6 42. g5 fxg5 43. hxg5 hxg5 44. fxg5 Kd7 45. Re2 c6 46.
bxc6+ Kxc6 47. Re6+ Kd5 48. Rxb6 Ke5 49. Rf6 Rh4 50. Kg3 Ra4 51. Rf7 Ke6 52. g6
Rb4 53. Rf8 Rb1 54. Kg4 Ke7 55. Rf7+ Ke6 56. Kg5 Rh1 57. Rf2 Ke7 58. g7 Rg1+
59. Kh6 Rh1+ 60. Kg6 Rg1+ 61. Kh7 Rh1+ 62. Kg8 Rh3 63. Re2+ Kd7 64. Re4 1-0

[Event "4NCL Division 1a"]
[Site "Telford, ENG"]
[Date "2017.11.12"]
[Round "2.22"]
[White "Repka, Christopher"]
[Black "Horton, Andrew P"]
[Result "1/2-1/2"]
[WhiteElo "2480"]
[BlackElo "2385"]
[PlyCount "131"]
[EventDate "2017.11.12"]
[WhiteTeam "White Rose 1"]
[BlackTeam "3Cs 1"]

1. d4 Nf6 2. Nf3 e6 3. c4 Bb4+ 4. Nbd2 b6 5. a3 Bxd2+ 6. Bxd2 Bb7 7. Bg5 d6 8.
e3 Nbd7 9. Be2 O-O 10. O-O h6 11. Bh4 Qe7 12. Nd2 a5 13. Bf3 Bxf3 14. Qxf3 a4
15. Qc6 Ra7 16. Nb1 Qe8 17. Nc3 Qa8 18. Qxa8 Raxa8 19. f3 Rfc8 20. Rad1 Ne8 21.
Bg3 Nb8 22. Rf2 Kf8 23. c5 Nd7 24. cxd6 cxd6 25. e4 Rc4 26. f4 Ra5 27. Re2 Ndf6
28. Be1 Ra8 29. e5 Nh5 30. Rf2 g6 31. d5 Nxf4 32. dxe6 dxe5 33. Nd5 Nxd5 34.
Rxd5 f5 35. Bb4+ Kg8 36. Rxe5 Nf6 37. h3 Ne4 38. Rf1 Re8 39. e7 Nc5 40. Rd1 Kf7
41. Rd6 Rc2 42. Re1 h5 43. Kh2 h4 44. Rc6 Rf2 45. Kg1 Rc2 46. Kh2 Rf2 47. Rd6
Rc2 48. Kg1 Rxe7 49. Rxe7+ Kxe7 50. Rxg6 Kf7 51. Rg5 Kf6 52. Rh5 Kg6 53. Rxh4
Rxb2 54. Rd4 Ne4 55. Kh2 Rb3 56. Rd8 b5 57. Rb8 Nc3 58. Rb6+ Kf7 59. h4 Nd5 60.
Rb7+ Kg6 61. Bf8 Kh5 62. Rf7 Ne3 63. Kg3 Nd5+ 64. Kh2 Ne3 65. Kg3 Nd5+ 66. Kh2
1/2-1/2

[Event "4NCL Division 1a"]
[Site "Telford, ENG"]
[Date "2017.11.12"]
[Round "2.23"]
[White "Ashton, Adam G"]
[Black "Wells, Peter K"]
[Result "1/2-1/2"]
[WhiteElo "2383"]
[BlackElo "2439"]
[PlyCount "77"]
[EventDate "2017.11.12"]
[WhiteTeam "3Cs 1"]
[BlackTeam "White Rose 1"]

1. e4 c5 2. Nf3 d6 3. Bb5+ Nc6 4. Bxc6+ bxc6 5. O-O e5 6. d3 f5 7. a3 Nf6 8.
Re1 a5 9. Nbd2 Be7 10. Nc4 O-O 11. Bd2 Be6 12. exf5 Bxf5 13. b4 axb4 14. axb4
Rxa1 15. Qxa1 cxb4 16. Bxb4 Nd5 17. Ba3 Nf4 18. Bc1 Be6 19. Bxf4 Rxf4 20. Ncxe5
dxe5 21. Qxe5 Rf6 22. Ng5 Qb6 23. d4 Bb4 24. Rb1 c5 25. c3 h6 26. Nxe6 Rxe6 27.
Qd5 Qc6 28. Qxc6 Rxc6 29. cxb4 cxb4 30. Kf1 Rc4 31. d5 Rd4 32. Ke2 Kf7 33. Ke3
Rxd5 34. Rxb4 Ra5 35. g4 h5 36. gxh5 Rxh5 37. h4 g6 38. Kf3 Kf6 39. Kg3 1/2-1/2

[Event "4NCL Division 1a"]
[Site "Telford, ENG"]
[Date "2017.11.12"]
[Round "2.24"]
[White "Adair, James R"]
[Black "Abbas, Daniel"]
[Result "1-0"]
[WhiteElo "2479"]
[BlackElo "2327"]
[PlyCount "67"]
[EventDate "2017.11.12"]
[WhiteTeam "White Rose 1"]
[BlackTeam "3Cs 1"]

1. e4 c5 2. Nf3 e6 3. d4 cxd4 4. Nxd4 Nc6 5. Nc3 Qc7 6. Be3 a6 7. Qf3 Nf6 8.
O-O-O Nxd4 9. Bxd4 e5 10. Qg3 d6 11. Be3 Be6 12. Bg5 Be7 13. Bxf6 Bxf6 14. Nd5
Bxd5 15. Rxd5 O-O 16. Be2 b5 17. Kb1 Rac8 18. Qd3 Qb6 19. Bg4 Rc4 20. Qe2 Be7
21. Rhd1 Ra8 22. g3 Ra7 23. f4 Rc5 24. Qe3 exf4 25. gxf4 g6 26. h4 h5 27. Bxh5
gxh5 28. Qd4 f6 29. Rg1+ Kf7 30. Rxh5 Rc6 31. Qd5+ Ke8 32. Rh8+ Kd7 33. Qf5+
Kc7 34. Qc8# 1-0

[Event "4NCL Division 1a"]
[Site "Telford, ENG"]
[Date "2017.11.12"]
[Round "2.25"]
[White "Longson, Alexander"]
[Black "McNab, Colin A"]
[Result "1/2-1/2"]
[WhiteElo "2317"]
[BlackElo "2420"]
[PlyCount "87"]
[EventDate "2017.11.12"]
[WhiteTeam "3Cs 1"]
[BlackTeam "White Rose 1"]

1. e4 g6 2. d4 d6 3. Bc4 Bg7 4. Nf3 e6 5. Bb3 Ne7 6. O-O O-O 7. Re1 b6 8. Nbd2
Nbc6 9. c3 e5 10. dxe5 Nxe5 11. Nxe5 dxe5 12. Qe2 Bb7 13. Nc4 Nc8 14. Rd1 Qe7
15. f3 Ba6 16. Qf2 Kh8 17. Be3 Bxc4 18. Bxc4 Nd6 19. Bd5 Rad8 20. a4 f5 21. Qe2
Bf6 22. Bh6 Bg7 23. Be3 Bf6 24. a5 fxe4 25. Bxe4 Nxe4 26. fxe4 Bg5 27. axb6
Bxe3+ 28. Qxe3 axb6 29. Rd5 c6 30. Rxd8 Qxd8 31. Rf1 Rxf1+ 32. Kxf1 Qd1+ 33.
Kf2 Qc2+ 34. Qe2 Qxe2+ 35. Kxe2 Kg7 36. g4 Kf6 37. h4 h5 38. gxh5 gxh5 39. Kd3
Ke6 40. Kc4 Kd6 41. Kb4 Kc7 42. Ka4 Kb7 43. b4 b5+ 44. Kb3 1/2-1/2

[Event "4NCL Division 1a"]
[Site "Telford, ENG"]
[Date "2017.11.12"]
[Round "2.26"]
[White "Palliser, Richard J D"]
[Black "Congiu, Mathilde"]
[Result "1-0"]
[WhiteElo "2416"]
[BlackElo "2241"]
[PlyCount "67"]
[EventDate "2017.11.12"]
[WhiteTeam "White Rose 1"]
[BlackTeam "3Cs 1"]

1. d4 Nf6 2. c4 g6 3. Nc3 Bg7 4. e4 d6 5. h3 O-O 6. Be3 Nbd7 7. Nf3 e5 8. d5 a5
9. Nd2 Nh5 10. g3 Bf6 11. Be2 Ng7 12. h4 Nc5 13. Qc2 Bd7 14. O-O-O h5 15. Nf3
a4 16. Ng5 a3 17. b3 Na6 18. Rdg1 c6 19. Qd2 Qa5 20. Kb1 Nc5 21. Ka1 b5 22.
dxc6 Bxc6 23. cxb5 Bb7 24. Nd5 Bxd5 25. Qxa5 Nxb3+ 26. axb3 Rxa5 27. exd5 e4+
28. Ka2 Re8 29. Rc1 Nf5 30. Rhd1 Bb2 31. Rc7 Ne7 32. Bc4 f6 33. Ne6 Nf5 34. b6
1-0

[Event "4NCL Division 1a"]
[Site "Telford, ENG"]
[Date "2017.11.12"]
[Round "2.27"]
[White "Walton, Alan J"]
[Black "Gourlay, Iain"]
[Result "0-1"]
[WhiteElo "2202"]
[BlackElo "2377"]
[PlyCount "62"]
[EventDate "2017.11.12"]
[WhiteTeam "3Cs 1"]
[BlackTeam "White Rose 1"]

1. d4 d5 2. c4 e6 3. Nc3 Nf6 4. cxd5 exd5 5. Bg5 c6 6. Qc2 Nbd7 7. e3 h6 8. Bh4
Be7 9. Bd3 Nh5 10. Bxe7 Qxe7 11. O-O-O Nb6 12. h3 Be6 13. Nf3 Nf6 14. Ne5 Nfd7
15. Nxd7 Bxd7 16. g4 O-O-O 17. Na4 Nxa4 18. Qxa4 Kb8 19. Kb1 h5 20. Bf5 hxg4
21. Bxd7 Rxd7 22. Qc2 gxh3 23. Rdg1 g6 24. Rg3 Qe6 25. Qd3 Rd6 26. Qf1 Qf5+ 27.
Ka1 Rf6 28. f3 Re8 29. Qg1 Qd3 30. f4 Rfe6 31. Rhxh3 Qxd4 0-1

[Event "4NCL Division 1a"]
[Site "Telford, ENG"]
[Date "2017.11.12"]
[Round "2.28"]
[White "Maroroa, Sue"]
[Black "Horton, Jamie A"]
[Result "1-0"]
[WhiteElo "2297"]
[BlackElo "2177"]
[PlyCount "45"]
[EventDate "2017.11.12"]
[WhiteTeam "White Rose 1"]
[BlackTeam "3Cs 1"]

1. e4 c6 2. d4 d5 3. e5 Bf5 4. h4 h5 5. Bd3 Bxd3 6. Qxd3 e6 7. Bg5 Be7 8. Nf3
Nh6 9. Nc3 Nf5 10. O-O-O Qa5 11. Kb1 Bb4 12. Ne2 Qa6 13. Qb3 Qc4 14. Qxc4 dxc4
15. c3 Be7 16. Ng3 g6 17. Ne4 Nd7 18. Nf6+ Kd8 19. Nd2 b5 20. Nde4 Nb6 21. f3
Nd5 22. g4 Ng7 23. Nd6 1-0

[Event "4NCL Division 1a"]
[Site "Telford, ENG"]
[Date "2017.11.12"]
[Round "2.31"]
[White "Wheeler, Darren P"]
[Black "Martins, David Pires Tavares"]
[Result "0-1"]
[WhiteElo "2267"]
[BlackElo "2384"]
[PlyCount "116"]
[EventDate "2017.11.12"]
[WhiteTeam "The ADs"]
[BlackTeam "Oxford 1"]

1. e4 e6 2. d4 d5 3. Nc3 Bb4 4. e5 c5 5. a3 Bxc3+ 6. bxc3 Ne7 7. Qg4 Qc7 8.
Qxg7 Rg8 9. Qxh7 cxd4 10. Ne2 Nbc6 11. f4 Bd7 12. Qd3 dxc3 13. h3 d4 14. g4
O-O-O 15. Bg2 Qb6 16. O-O Be8 17. Kh2 Na5 18. a4 Bc6 19. Bxc6 Nexc6 20. Ba3 Nb4
21. Bxb4 Qxb4 22. Rab1 Qc4 23. Rfd1 Qc5 24. Qb5 Qc7 25. Rb4 Rd5 26. Qd3 Rgd8
27. Rdb1 Nc6 28. Rc4 a6 29. Ng3 b5 30. axb5 axb5 31. Rxc6 Qxc6 32. Ne4 Qc4 33.
Qxc4+ bxc4 34. Rb4 Kc7 35. Rxc4+ Kb6 36. h4 Kb5 37. Rc7 R5d7 38. Nd6+ Kb4 39.
Rc4+ Ka3 40. Rxd4 Kb2 41. h5 Kxc2 42. h6 Kb3 43. Rd3 Rxd6 44. Rxd6 Rc8 45. Rd3
Kc4 46. Rd1 c2 47. Rc1 Kd3 48. Kg3 Kd2 49. Rxc2+ Rxc2 50. f5 exf5 51. gxf5 Ke3
52. e6 f6 53. Kg4 Ke4 54. h7 Rc8 55. e7 Rh8 56. Kh5 Rxh7+ 57. Kg6 Rxe7 58. Kxf6
Re5 0-1

[Event "4NCL Division 1a"]
[Site "Telford, ENG"]
[Date "2017.11.12"]
[Round "2.32"]
[White "Tan, Justin"]
[Black "Stewart, Ashley"]
[Result "1-0"]
[WhiteElo "2464"]
[BlackElo "2260"]
[PlyCount "101"]
[EventDate "2017.11.12"]
[WhiteTeam "Oxford 1"]
[BlackTeam "The ADs"]

1. e4 c5 2. Nf3 g6 3. c3 d5 4. e5 Nc6 5. d4 cxd4 6. cxd4 Bg7 7. h3 Nh6 8. Bf4
f6 9. exf6 exf6 10. Nc3 Be6 11. Nb5 O-O 12. Nc7 Rc8 13. Nxe6 Re8 14. Be2 Rxe6
15. O-O Nf5 16. Bd3 Nfxd4 17. Nxd4 Nxd4 18. Be3 Nc6 19. Qb3 Na5 20. Qa4 a6 21.
Rac1 Nc6 22. Rfd1 Kh8 23. Qb3 b5 24. a4 bxa4 25. Qxa4 Ne5 26. Be2 Rxc1 27. Rxc1
Nc4 28. Bxc4 dxc4 29. Qxc4 Qe8 30. Rd1 h5 31. Qc7 Re7 32. Qa5 Qb5 33. Rd8+ Kh7
34. Qa2 Re8 35. Rxe8 Qxe8 36. Qxa6 f5 37. Qb7 Qe5 38. b4 f4 39. Bc5 Kg8 40. Qf3
Qa1+ 41. Kh2 Qe5 42. Qd3 Kh7 43. Bd6 Qb2 44. Qf3 Be5 45. Qb7+ Kh6 46. Bf8+ Kg5
47. Qe7+ Kf5 48. Qf7+ Kg5 49. h4+ Kxh4 50. Qxg6 Qxf2 51. Be7+ 1-0

[Event "4NCL Division 1a"]
[Site "Telford, ENG"]
[Date "2017.11.12"]
[Round "2.33"]
[White "Bailey, Kevin J"]
[Black "Wu, Christopher"]
[Result "0-1"]
[WhiteElo "2087"]
[BlackElo "2336"]
[PlyCount "100"]
[EventDate "2017.11.12"]
[WhiteTeam "The ADs"]
[BlackTeam "Oxford 1"]

1. d4 Nf6 2. Nf3 e6 3. Bf4 b6 4. e3 Bb7 5. c3 Be7 6. h3 O-O 7. Bd3 Ne4 8. O-O
f5 9. Nbd2 Bf6 10. Qc2 Nxd2 11. Nxd2 d6 12. Bh2 Bg5 13. Rae1 Qf6 14. e4 Nd7 15.
exf5 exf5 16. Bc4+ Kh8 17. Re6 Qd8 18. Bd3 Bd5 19. Re2 g6 20. c4 Bb7 21. d5 a5
22. Nf3 Bf6 23. Bf4 Nc5 24. Rfe1 c6 25. dxc6 Bxc6 26. Nd2 Qd7 27. Nf1 d5 28.
Be5 Bxe5 29. Rxe5 d4 30. f3 Qd6 31. R5e2 Rae8 32. Rxe8 Bxe8 33. Qe2 Bc6 34. Qd2
Ne6 35. a3 Nf4 36. b4 axb4 37. axb4 Nxd3 38. Qxd3 Rd8 39. b5 Be8 40. Nd2 Bf7
41. Kf2 Qb4 42. Rc1 Kg8 43. Rb1 Qe7 44. Re1 Qh4+ 45. Kf1 Ra8 46. Qc2 Ra3 47.
Qb2 Re3 48. Re2 Qe7 49. Rxe3 dxe3 50. Nb1 Bxc4+ 0-1

[Event "4NCL Division 1a"]
[Site "Telford, ENG"]
[Date "2017.11.12"]
[Round "2.34"]
[White "Zakarian, David"]
[Black "Ahluwalia, Amardip"]
[Result "1-0"]
[WhiteElo "2349"]
[BlackElo "2080"]
[PlyCount "57"]
[EventDate "2017.11.12"]
[WhiteTeam "Oxford 1"]
[BlackTeam "The ADs"]

1. e4 e5 2. f4 exf4 3. Bc4 Nf6 4. Nc3 c6 5. Bb3 d5 6. exd5 cxd5 7. d4 Bd6 8.
Nf3 O-O 9. O-O Nc6 10. Nxd5 Nxd5 11. Bxd5 Bc7 12. Be4 f5 13. Bd3 Nxd4 14. Nxd4
Qxd4+ 15. Kh1 Qf6 16. Qf3 g5 17. Bd2 g4 18. Bc4+ Be6 19. Bxe6+ Qxe6 20. Qxb7
Qf7 21. Bc3 a5 22. a3 Rab8 23. Qa7 h5 24. Rae1 h4 25. Qc5 h3 26. Re7 hxg2+ 27.
Kxg2 f3+ 28. Kh1 g3 29. Qxc7 1-0

[Event "4NCL Division 1a"]
[Site "Telford, ENG"]
[Date "2017.11.12"]
[Round "2.35"]
[White "Stockwell, Mark B"]
[Black "Claridge-Hansen, William"]
[Result "0-1"]
[WhiteElo "2072"]
[BlackElo "2283"]
[PlyCount "104"]
[EventDate "2017.11.12"]
[WhiteTeam "The ADs"]
[BlackTeam "Oxford 1"]

1. e4 c5 2. Nf3 g6 3. d4 cxd4 4. Qxd4 Nf6 5. Nc3 Nc6 6. Qa4 d6 7. e5 dxe5 8.
Nxe5 Bd7 9. Nxd7 Nxd7 10. Bb5 Bg7 11. O-O O-O 12. Rd1 Bxc3 13. bxc3 Qc8 14. Qh4
a6 15. Bf1 Nde5 16. Rb1 Qf5 17. Bh6 Rfd8 18. Rxd8+ Rxd8 19. Rxb7 Ng4 20. Bd3
Nxh6 21. Qxh6 Ne5 22. Rxe7 Qf6 23. Rb7 Nxd3 24. cxd3 Qxc3 25. h3 Qe1+ 26. Kh2
Qxf2 27. Qg5 Rc8 28. Qe5 Qxa2 29. Ra7 Qb3 30. d4 Qb6 31. Re7 Qb8 32. Qxb8 Rxb8
33. Ra7 Rb6 34. Kg3 Kg7 35. Kf4 Kf6 36. Ke4 h5 37. g4 h4 38. Kd5 Rb3 39. Kd6
Rxh3 40. Rxa6 Rd3 41. d5 Kg5 42. Ke7 Rxd5 43. Kxf7 Kxg4 44. Kxg6 Rd2 45. Ra4+
Kg3 46. Kf5 h3 47. Rg4+ Kf2 48. Rh4 Kg2 49. Rg4+ Kf1 50. Ke4 h2 51. Rh4 Kg1 52.
Ke3 Rg2 0-1

[Event "4NCL Division 1a"]
[Site "Telford, ENG"]
[Date "2017.11.12"]
[Round "2.36"]
[White "Asenov, Pavel"]
[Black "Anderton, David W"]
[Result "1-0"]
[WhiteElo "2275"]
[BlackElo "2102"]
[PlyCount "157"]
[EventDate "2017.11.12"]
[WhiteTeam "Oxford 1"]
[BlackTeam "The ADs"]

1. d4 f5 2. Bg5 g6 3. Nc3 Bg7 4. h4 Nh6 5. Qd2 Nf7 6. O-O-O d5 7. Nf3 Nc6 8.
Bf4 a6 9. h5 e6 10. Qe3 Bf6 11. hxg6 hxg6 12. Rxh8+ Bxh8 13. Ng5 Qe7 14. Nxf7
Kxf7 15. Qh3 Bg7 16. e3 b5 17. Be2 Bb7 18. g4 Na5 19. Qg3 Nc4 20. gxf5 exf5 21.
Rg1 Qf6 22. Bxc4 dxc4 23. Be5 Qe6 24. Bxg7 Kxg7 25. Qxc7+ Qf7 26. Qxf7+ Kxf7
27. a3 Rh8 28. Kd2 Rh2 29. Ke2 Kf6 30. b3 cxb3 31. cxb3 g5 32. Nb1 Bd5 33. Nd2
g4 34. e4 Bxe4 35. Nxe4+ fxe4 36. Rxg4 Kf5 37. Rg3 Rh1 38. Rc3 Ra1 39. b4 Kf4
40. Kd2 Ra2+ 41. Ke1 Ra1+ 42. Ke2 Ra2+ 43. Kf1 Ra1+ 44. Kg2 Rd1 45. Rc6 Rxd4
46. Rxa6 Rd5 47. Rf6+ Ke5 48. Rc6 Kd4 49. Rc1 Rg5+ 50. Kf1 Rh5 51. Ke2 Rh3 52.
Ra1 Rb3 53. Ra2 Kc4 54. a4 bxa4 55. Rxa4 Kb5 56. Ra5+ Kxb4 57. Re5 Kc4 58.
Rxe4+ Kd5 59. f3 Ra3 60. Kf2 Ra8 61. Ke3 Rf8 62. f4 Rh8 63. Re5+ Kd6 64. Ke4
Rh1 65. Kf5 Rf1 66. Re2 Kd7 67. Kg5 Kd8 68. f5 Rg1+ 69. Kh6 Rf1 70. Kg6 Rg1+
71. Kf7 Kd7 72. f6 Kd6 73. Kf8 Kd7 74. f7 Rf1 75. Re4 Rf2 76. Re1 Rf3 77. Rd1+
Ke6 78. Ke8 Ra3 79. f8=Q 1-0

[Event "4NCL Division 1a"]
[Site "Telford, ENG"]
[Date "2017.11.12"]
[Round "2.37"]
[White "Bellin, Jana M"]
[Black "Hansen, Hans-Peter"]
[Result "1/2-1/2"]
[WhiteElo "2035"]
[BlackElo "2257"]
[PlyCount "42"]
[EventDate "2017.11.12"]
[WhiteTeam "The ADs"]
[BlackTeam "Oxford 1"]

1. d4 Nf6 2. Nf3 e6 3. e3 b6 4. Bd3 Bb7 5. Nbd2 c5 6. O-O cxd4 7. exd4 Be7 8.
Re1 d6 9. c3 O-O 10. Qe2 Re8 11. Nf1 Nbd7 12. Bg5 a6 13. Rad1 Qc7 14. Ng3 b5
15. Ne4 Bd5 16. Nxf6+ Nxf6 17. Bxf6 Bxf6 18. Be4 Qc6 19. Nd2 Be7 20. Qh5 g6 21.
Bxd5 Qxd5 1/2-1/2

[Event "4NCL Division 1a"]
[Site "Telford, ENG"]
[Date "2017.11.12"]
[Round "2.38"]
[White "Varney, Zoe"]
[Black "Walsh, Marcus"]
[Result "0-1"]
[WhiteElo "2050"]
[BlackElo "2035"]
[PlyCount "71"]
[EventDate "2017.11.12"]
[WhiteTeam "Oxford 1"]
[BlackTeam "The ADs"]

1. e4 c5 2. c3 Nf6 3. e5 Nd5 4. Nf3 Nc6 5. d4 cxd4 6. cxd4 d6 7. exd6 Qxd6 8.
Nc3 g6 9. Nb5 Qd8 10. Qb3 Be6 11. Bc4 a6 12. Bxd5 Bxd5 13. Qxd5 axb5 14. Qxb5
Qa5+ 15. Qxa5 Rxa5 16. Bd2 Rd5 17. Bc3 Bg7 18. O-O-O O-O 19. Rhe1 e6 20. Ne5
Rc8 21. Nxc6 Rxc6 22. Kb1 Rc4 23. Re4 e5 24. Kc2 exd4 25. Re8+ Bf8 26. Kb1 f5
27. Rb8 Rd7 28. Bd2 Kf7 29. b3 Rc6 30. Bf4 d3 31. Ra8 Bg7 32. Ra4 b5 33. Rb4
Rc2 34. Rxb5 Rb2+ 35. Kc1 Rxa2 36. Bg3 0-1

[Event "4NCL Division 1a"]
[Site "Telford, ENG"]
[Date "2017.11.12"]
[Round "2.41"]
[White "Sanders, Isaac B"]
[Black "Carleton, John J"]
[Result "1/2-1/2"]
[WhiteElo "2350"]
[BlackElo "2293"]
[PlyCount "47"]
[EventDate "2017.11.12"]
[WhiteTeam "Barbican 4NCL 2"]
[BlackTeam "Spirit of Atticus A"]

1. e4 c6 2. d3 d5 3. Nd2 e5 4. Ngf3 Bd6 5. g3 Nf6 6. Bg2 O-O 7. O-O Re8 8. h3
a5 9. a4 Na6 10. Re1 h6 11. b3 dxe4 12. dxe4 Be6 13. Qe2 Nd7 14. Nc4 Bc5 15.
Bb2 f6 16. Ne3 Bxe3 17. Qxe3 Qb6 18. Qxb6 Nxb6 19. Bc3 Nb4 20. Bxb4 axb4 21.
Red1 Nd7 22. Ne1 Nc5 23. Nd3 Nxd3 24. Rxd3 1/2-1/2